<?xml version="1.0" encoding="UTF-8"?>
<record
    xmlns:xsi="http://www.w3.org/2001/XMLSchema-instance"
    xsi:schemaLocation="http://www.loc.gov/MARC21/slim http://www.loc.gov/standards/marcxml/schema/MARC21slim.xsd"
    xmlns="http://www.loc.gov/MARC21/slim">

  <leader>00573nam a2200145Ia 4500</leader>
  <controlfield tag="008">100204s9999    xx            000 0 und d</controlfield>
  <datafield tag="082" ind1=" " ind2=" ">
    <subfield code="b">17082</subfield>
  </datafield>
  <datafield tag="100" ind1=" " ind2=" ">
    <subfield code="a">&#x915;&#x930;&#x94D;&#x923;&#x93F;&#x915;   &#x938;&#x941;&#x927;&#x93E;&#x915;&#x930;</subfield>
  </datafield>
  <datafield tag="245" ind1=" " ind2=" ">
    <subfield code="a">&#x915;&#x93E;&#x935;&#x933;&#x94D;&#x92F;&#x93E; &#x915;&#x93E;&#x935;&#x933;&#x94D;&#x92F;&#x93E; &#x926;&#x93E;&#x930; &#x909;&#x918;&#x921;</subfield>
  </datafield>
  <datafield tag="260" ind1=" " ind2=" ">
    <subfield code="b">"&#x926;&#x93F;&#x92A;&#x93E;&#x932;&#x940;   &#x92A;&#x94D;&#x930;&#x915;&#x93E;&#x936;&#x928;  , &#x915;&#x932;&#x94D;&#x92F;&#x93E;&#x923; , &#x920;&#x93E;&#x923;&#x947;"</subfield>
    <subfield code="c">1992</subfield>
  </datafield>
  <datafield tag="300" ind1=" " ind2=" ">
    <subfield code="a">311</subfield>
  </datafield>
  <datafield tag="630" ind1=" " ind2=" ">
    <subfield code="a">&#x915;&#x93E;&#x935;&#x933;&#x94D;&#x92F;&#x93E; &#x915;&#x93E;&#x935;&#x933;&#x94D;&#x92F;&#x93E; &#x926;&#x93E;&#x930; &#x909;&#x918;&#x921;</subfield>
  </datafield>
  <datafield tag="730" ind1=" " ind2=" ">
    <subfield code="a">&#x915;&#x93E;&#x935;&#x933;&#x94D;&#x92F;&#x93E; &#x915;&#x93E;&#x935;&#x933;&#x94D;&#x92F;&#x93E; &#x926;&#x93E;&#x930; &#x909;&#x918;&#x921;</subfield>
  </datafield>
  <datafield tag="942" ind1=" " ind2=" ">
    <subfield code="c">BOOK</subfield>
  </datafield>
  <datafield tag="999" ind1=" " ind2=" ">
    <subfield code="c">461505</subfield>
    <subfield code="d">461502</subfield>
  </datafield>
  <datafield tag="952" ind1=" " ind2=" ">
    <subfield code="0">0</subfield>
    <subfield code="1">0</subfield>
    <subfield code="4">0</subfield>
    <subfield code="7">0</subfield>
    <subfield code="a">NCKMULUND</subfield>
    <subfield code="b">NCKMULUND</subfield>
    <subfield code="d">2010-02-04</subfield>
    <subfield code="g">140.00</subfield>
    <subfield code="l">0</subfield>
    <subfield code="o">17082</subfield>
    <subfield code="p">NCKMULUND-17082</subfield>
    <subfield code="r">2010-02-04 00:00:00</subfield>
    <subfield code="v">140.00</subfield>
    <subfield code="w">2010-02-04</subfield>
    <subfield code="y">BOOK</subfield>
  </datafield>
</record>
